Hochhäuser - Europa (extrem) - Statistiken

Allgemein
  • Dieses Quiz wurde 36 mal gespielt
  • Das Durchschnittsergebnis liegt bei 4 aus 15
Antwortstatistiken
Hint Antwort % Korrekt
7 The Shard / London / Vereinigtes Königreich (310m)
89%
6 Varso Tower / Warschau / Polen (310m)
33%
17 22 Bishopsgate / London / Vereinigtes Königreich (278m)
22%
11.1 11.2 11.3 Capital Towers Park Tower / Moskau / Russland (295m) Capital Towers City Tower / Moskau / Russland (295m) Capital Towers River Tower / Moskau / Russland (295m)
22%
8 Eurasia / Moskau / Russland (309m)
22%
1 Lachta-Zentrum / Sankt Petersburg / Russland (462m)
22%
5 Mercury City Tower / Moskau / Russland (338m)
22%
16 Moscow Tower / Moskau / Russland (283m)
22%
9 Neva Tower 1 / Moskau / Russland (302m)
22%
4 Neva Tower 2 / Moskau / Russland (345m)
22%
3 Oko Tower 1 / Moskau / Russland (354m)
22%
14.1 14.2 Skyland Istanbul Office Tower / Istanbul / Türkei (284m) Skyland Istanbul Residential Tower / Istanbul / Türkei (284m)
22%
10 Capital City Moscow Tower / Moskau / Russland (302m)
11%
2 Federazija Wostok / Moskau / Russland (374m)
11%
18 Naberezhnaya Tower / Moskau / Russland (268m)
11%
Keine übereinstimmenden Quizze gefunden
Verteilung der Resultate
Anzahl Personen mit jedem Resultat
Perzentil nach korrekt beantworteten Fragen
Ihre Resultats-Entwicklung
Sie haben dieses Quiz noch nicht gespielt